Southville International School and Colleges
Your cart is empty.
  • Cart
  • Lists
    Public lists Eva Luna New books Lux_list list_1
    Your lists Log in to create your own lists
  • Log in to your account
  • Your cookies
  • Search history
Southville International School and Colleges
  • Advanced search
  • Recent comments
  • Most popular
  • Libraries

Log in to your account

Log in with GOOGLE


If you do not have an external account, but do have a local account, you can still log in:

  1. Home
  2. MARC view: The cat painter /
Normal view MARC view ISBD view

The cat painter / (Record no. 306327)

[ view plain ]
MARC details
000 -LEADER
fixed length control field 00756nam a2200241Ia 4500
008 - FIXED-LENGTH DATA ELEMENTS--GENERAL INFORMATION
fixed length control field 170203s9999 xx 000 0 und d
020 ## - INTERNATIONAL STANDARD BOOK NUMBER
International Standard Book Number 971508284x
050 ## - LIBRARY OF CONGRESS CALL NUMBER
Classification number Fic
050 ## - LIBRARY OF CONGRESS CALL NUMBER
Item number B826c
100 ## - MAIN ENTRY--PERSONAL NAME
Personal name Bravo, Becky.
245 #4 - TITLE STATEMENT
Title The cat painter /
245 ## - TITLE STATEMENT
Statement of responsibility, etc story by Becky Bravo ; illustrations by Mark Ramsel Salvatus III ; [translation by Aneka Rodriguez and Dencel Aquino].
250 ## - EDITION STATEMENT
Edition statement 2nd ed.
260 ## - PUBLICATION, DISTRIBUTION, ETC. (IMPRINT)
Place of publication, distribution, etc Quezon City, Philippines :
260 ## - PUBLICATION, DISTRIBUTION, ETC. (IMPRINT)
Name of publisher, distributor, etc Adarna House,
260 ## - PUBLICATION, DISTRIBUTION, ETC. (IMPRINT)
Date of publication, distribution, etc ©2006.
300 ## - PHYSICAL DESCRIPTION
Extent 1 volume (unpaged) :
300 ## - PHYSICAL DESCRIPTION
Other physical details color illustrations ;
300 ## - PHYSICAL DESCRIPTION
Dimensions 23 cm
500 ## - GENERAL NOTE
General note In English and Tagalog [p.31-32].
650 ## - SUBJECT ADDED ENTRY--TOPICAL TERM
Topical term or geographic name as entry element Children's literature, Philippine (English)
650 ## - SUBJECT ADDED ENTRY--TOPICAL TERM
Topical term or geographic name as entry element Tagalog language materials.
Holdings
Withdrawn status Lost status Damaged status Home library Current library Shelving location Date acquired Total Checkouts Full call number Barcode Date last seen Price effective from Koha item type
      Stonyhurst Southville International School (Batangas) Stonyhurst Southville International School (Batangas)   02/03/2017   Fic .B826c 2006 LS-4148 02/03/2017 02/03/2017 Books

The cat painter /

APA

Bravo B., .The cat painter. Quezon City, Philippines: .

Chicago

Bravo Becky, .The cat painter. Quezon City, Philippines: .

Harvard

Bravo B., .The cat painter. Quezon City, Philippines: .

MLA

Bravo Becky, .Quezon City, Philippines: . .

  • Place hold
  • Print
  • Cite
  • Add to your cart (remove)
  • Save record
    BIBTEX Dublin Core MARCXML MARC (non-Unicode/MARC-8) MARC (Unicode/UTF-8) MARC (Unicode/UTF-8, Standard) MODS (XML) RIS
  • More searches
    Search for this title in:
    Other Libraries (WorldCat) Other Databases (Google Scholar) Online Stores (Bookfinder.com) Open Library (openlibrary.org)

Exporting to Dublin Core...

SOUTHVILLE LIBRARY

Southville International School and Colleges Library

1281 Tropical Ave. Cor. Luxembourg St., BF Homes International, Las Pinas City

Tel. No. 8256374 / 252358 Loc. 117/146

Powered by Koha